A Treasury of Fairy Tales And Nursery Rhymes
| Format: | Book |
|---|---|
| Published: |
London :
Grandreams Limited ,
1995
|
| Series: | Fairy Tales
|
| Subjects: |
MARC
| LEADER | 00000cam a2200000 7i4500 | ||
|---|---|---|---|
| 001 | 0000050835 | ||
| 005 | 20150723.0 | ||
| 008 | 150723 | ||
| 020 | |a 0862278449 | ||
| 020 | |a 9780862278441 | ||
| 090 | 0 | 0 | |a CT |b ENG |
| 245 | 1 | 0 | |a A Treasury of Fairy Tales And Nursery Rhymes |
| 260 | |a London : |b Grandreams Limited , |c 1995 | ||
| 300 | |a Col.ill | ||
| 490 | 1 | |a Fairy Tales | |
| 650 | 0 | |a English fiction | |
| 999 | |a 0001130185 |b Book |c Children Collection |e Cawangan Bukit Gambir | ||